01231nam a2200301Ia 4500001001200000003000800012006001900020007001500039008004100054020001800095040002100113035002100134050002600155082001700181100001800198245014800216250001200364260004800376300002400424504004900448533015200497650002500649650003900674650004400713655002900757710001700786856012600803ebr10195627CaPaEBRm u cr cn|||||||||080213s2007 wiua sb 001 0 eng d z9781931448062 aCaPaEBRcCaPaEBR a(OCoLC)56784354114aTK7887.5b.A95 2007eb04a005.2/752221 aAxelson, Jan.10aSerial port completeh[electronic resource] :bCOM ports, USB virtual COM ports, and ports for embedded systems, second edition /cJan Axelson. a2nd ed. aMadison, Wis. :bLakeview Research,cc2007. axix, 379 p. :bill. aIncludes bibliographic references and index. aElectronic reproduction.bPalo Alto, Calif. :cebrary,d2009.nAvailable via World Wide Web.nAccess may be limited to ebrary affiliated libraries. 0aComputer interfaces. 0aPorts (Electronic computer system) 0aParallel programming (Computer science) 7aElectronic books.2local2 aebrary, Inc.40uhttp://site.ebrary.com/lib/rucke/Doc?id=10195627zAn electronic book accessible through the World Wide Web; click to view